000 00653cam a22002293a 4500
001 20105
003 PGUSA
005 20140828083427.0
008 061213s2006||||xxu|||||s|||||000 | eng d
040 _aPGUSA
_beng
042 _adc
050 4 _aE151
100 1 _aMann, Henry,
_d1848-1915
245 1 4 _aThe Land We Live In :
_bThe Story of Our Country
_h[electronic resource] /
_cHenry Mann
260 _bProject Gutenberg,
_c2006
506 _aPublic domain in the USA.
516 _aElectronic text
653 _aUnited States -- History
830 0 _aProject Gutenberg
_v20105
856 4 0 _uhttp://www.gutenberg.org/ebooks/20105
942 _cEB
999 _c249360
_d249360